00874njm a22002297a 450000500170000000800410001711000170005811000160007511000240009111000220011524500720013726000170020926000160022626000230024226000220026526000090028730000130029630000180030950502670032765000290059465000210062320240404121919.0160406b xxu||||| |||| 00| 0 spa d aPapaya Music aMoka Discos aCosta Norte Records aStonetree Records aLa caja de música centroamericana: the Central American music box bPapaya Music bMoka Discos bCosta Norte Record bStonetree Records c2010 a1 CD-ROM a64:16 minutos a1. Mérua. 2. Piedra y espada. 3. Por esa negra. 4. Araré el aire. 5. Yau. 6. Son Inú. 7. Quiere a tu país. 8. Poderte amar. 9. Lobsterband. 10. Wátina. 11. Tortillas. 12. La chichera. 13. Costa y calor. 14. Calaloo. 15. Puppet on a string. 16. Pochote. aMÚSICA CENTROAMERICANA aMÚSICA POPULAR